[Event "Campeonato de Aragon por Equipos 2025 - "]
[Site "?"]
[Date "2025.03.08"]
[Round "7.58"]
[White "Sgibnev Huayllani, Daniel Vladimir"]
[Black "Javierre Conesa, Alfonso"]
[Result "1/2-1/2"]
[WhiteElo "1759"]
[BlackElo "1885"]
[PlyCount "126"]
[GameId "2155415468303795"]
[EventDate "2025.01.25"]
[WhiteTeam "Helios B"]
[BlackTeam "Las Fuentes"]

1. d4 d5 2. Bf4 e6 3. Nf3 Bd6 4. Bg3 Nf6 5. e3 c5 6. c3 O-O 7. Nbd2 Qc7 8. Bd3 Nbd7 9. O-O Bxg3 10. hxg3 b6 11. Re1 Bb7 12. e4 dxe4 13. Nxe4 Rad8 14. Qe2 Nxe4 15. Bxe4 Bxe4 16. Qxe4 Nf6 17. Qh4 cxd4 18. Nxd4 Rd5 19. g4 Qf4 20. Nc6 Re8 21. f3 h5 22. Nd4 hxg4 23. g3 Qh6 24. Qxh6 gxh6 25. fxg4 Nxg4 26. Re4 Nf6 27. Rh4 h5 28. Kg2 Ng4 29. Rah1 Nf6 30. Rf1 Kg7 31. Rhf4 Ng4 32. Rxf7+ Kg6 33. Kg1 a5 34. Rb7 Rd6 35. Rff7 Kh6 36. Rbe7 Red8 37. Kf1 Ne3+ 38. Ke2 Nf5 39. Rxf5 exf5 40. Nxf5+ Kg6 41. Nxd6 Rxd6 42. Re5 Kh6 43. b3 Rg6 44. Kf2 Rd6 45. c4 Rd2+ 46. Re2 Rd6 47. a3 Kg5 48. Re5+ Kg4 49. Ke2 Kxg3 50. Rxh5 Kf4 51. Rb5 Ke4 52. c5 bxc5 53. Rxc5 Rb6 54. Rc3 Kd4 55. Kd2 Kd5 56. Rh3 Kd4 57. Rh4+ Kd5 58. Kc3 Rc6+ 59. Kb2 Rg6 60. Rh5+ Kd4 61. Rb5 Rg7 62. b4 axb4 63. Rxb4+ Kc5 1/2-1/2

[Event "Campeonato de Aragon por Equipos 2025 - "]
[Site "?"]
[Date "2025.03.08"]
[Round "7.59"]
[White "Artal Alegria, Francisco Javier"]
[Black "Garcia Modrego, Victoria"]
[Result "1-0"]
[WhiteElo "1876"]
[BlackElo "1652"]
[PlyCount "93"]
[GameId "2155415468357044"]
[EventDate "2025.01.25"]
[WhiteTeam "Las Fuentes"]
[BlackTeam "Helios B"]

1. e4 e5 2. Nf3 Nf6 3. Nxe5 d6 4. Nxf7 Kxf7 5. d4 Be7 6. Bc4+ Ke8 7. O-O Nc6 8. c3 Bd7 9. f4 Bg4 10. Qa4 a6 11. d5 Qb8 12. Na3 Qa7+ 13. Kh1 Nxe4 14. dxc6 Nc5 15. Qc2 bxc6 16. Be3 d5 17. Be2 Bxe2 18. Qxe2 Kd8 19. b4 Re8 20. Qf2 Ne4 21. Bxa7 Nxf2+ 22. Bxf2 Bf6 23. Bd4 Bxd4 24. cxd4 Re2 25. g4 Rb8 26. Rab1 Rxa2 27. Rfc1 Kd7 28. Nc2 a5 29. Ra1 Rxa1 30. Rxa1 axb4 31. Rb1 b3 32. Ne3 Rb4 33. Kg2 Rxd4 34. Kf3 Rd2 35. h4 b2 36. h5 Rd3 37. Ke2 Rb3 38. f5 d4 39. Nc4 Ke7 40. Rxb2 Rxb2+ 41. Nxb2 Kd6 42. Kd3 Kd5 43. Nc4 c5 44. g5 c6 45. f6 gxf6 46. g6 hxg6 47. h6 1-0

[Event "Campeonato de Aragon por Equipos 2025 - "]
[Site "?"]
[Date "2025.03.08"]
[Round "7.60"]
[White "Cid Royo, Jonathan"]
[Black "Lopez Micone, Nicolas"]
[Result "1-0"]
[WhiteElo "2132"]
[BlackElo "1825"]
[PlyCount "59"]
[GameId "2155415468426677"]
[EventDate "2025.01.25"]
[WhiteTeam "L'Aurora Estadilla M64"]
[BlackTeam "Iberajedrez Mundo 64 C"]

1. e4 c5 2. Nc3 d6 3. g3 Nf6 4. Bg2 e6 5. d3 Be7 6. f4 Nbd7 7. Nf3 Rb8 8. a4 a6 9. O-O Qb6 10. Kh1 Ng4 11. h3 h5 12. hxg4 hxg4+ 13. Nh2 e5 14. Nd5 Qd8 15. Qxg4 exf4 16. Qxg7 Bf6 17. Nxf6+ Qxf6 18. Qxf6 Nxf6 19. Kg1 fxg3 20. Rxf6 gxh2+ 21. Kh1 Ke7 22. Rf2 Bg4 23. Bg5+ Ke6 24. Rf6+ Ke5 25. Rxf7 Rh5 26. Bf4+ Ke6 27. Rg7 Bh3 28. Bf3 Rh4 29. Bg5 Rhh8 30. Re7# 1-0

[Event "Campeonato de Aragon por Equipos 2025 - "]
[Site "?"]
[Date "2025.03.08"]
[Round "7.61"]
[White "Martinez Sanz, Pablo"]
[Black "Cid Royo, Oscar"]
[Result "1-0"]
[WhiteElo "1784"]
[BlackElo "2002"]
[PlyCount "51"]
[GameId "2155415468484022"]
[EventDate "2025.01.25"]
[WhiteTeam "Iberajedrez Mundo 64 C"]
[BlackTeam "L'Aurora Estadilla M64"]

1. c4 Nf6 2. Nc3 b6 3. e4 Nc6 4. d4 e5 5. d5 Nd4 6. Nf3 Nxf3+ 7. Qxf3 h6 8. Be2 d6 9. h3 Bd7 10. O-O g5 11. g4 Be7 12. Qg3 h5 13. Kg2 hxg4 14. hxg4 Qc8 15. f3 Qb7 16. Be3 O-O-O 17. b4 Rh6 18. c5 c6 19. cxd6 Bxd6 20. Bxg5 Rg6 21. Bxf6 Rxf6 22. dxc6 Bxc6 23. b5 Bd7 24. Rac1 Kb8 25. Qh4 Be7 26. Nd5 1-0

[Event "Campeonato de Aragon por Equipos 2025 - "]
[Site "?"]
[Date "2025.03.08"]
[Round "7.62"]
[White "Felez Casedas, Carlos"]
[Black "Anadon Moreno, Mario"]
[Result "1/2-1/2"]
[WhiteElo "1977"]
[BlackElo "1779"]
[PlyCount "59"]
[GameId "2155415468524983"]
[EventDate "2025.01.25"]
[WhiteTeam "L'Aurora Estadilla M64"]
[BlackTeam "Iberajedrez Mundo 64 C"]

1. d4 d5 2. Bf4 Nf6 3. e3 e6 4. c3 Bd6 5. Bg3 b6 6. Nd2 Bb7 7. Ngf3 O-O 8. Bd3 Ne4 9. Ne5 f6 10. Nec4 f5 11. Nxd6 cxd6 12. c4 Nxd2 13. Qxd2 dxc4 14. Bxc4 Qd7 15. Rc1 Rc8 16. O-O Rxc4 17. Rxc4 Ba6 18. Rfc1 Bxc4 19. Rxc4 Nc6 20. Rc3 Ne7 21. Qc1 Rc8 22. Rxc8+ Qxc8 23. Qxc8+ Nxc8 24. Kf1 Kf7 25. Ke2 Kf6 26. Kd3 d5 27. Be5+ Kf7 28. a4 Ne7 29. b4 a6 30. b5 1/2-1/2

[Event "Campeonato de Aragon por Equipos 2025 - "]
[Site "?"]
[Date "2025.03.08"]
[Round "7.63"]
[White "Lopez Micone, Ezequiel"]
[Black "Pellicer Cemeli, Jose Luis"]
[Result "0-1"]
[WhiteElo "1731"]
[BlackElo "1947"]
[PlyCount "146"]
[GameId "2155415468565944"]
[EventDate "2025.01.25"]
[WhiteTeam "Iberajedrez Mundo 64 C"]
[BlackTeam "L'Aurora Estadilla M64"]

1. d4 Nf6 2. c4 g6 3. Nc3 d5 4. Nf3 Bg7 5. e3 O-O 6. b3 c5 7. Be2 Nc6 8. O-O cxd4 9. exd4 Ne4 10. Bb2 e6 11. Nxe4 dxe4 12. Ne5 Nxe5 13. dxe5 Qa5 14. Qe1 Qc5 15. b4 Qc7 16. Qc3 a5 17. a3 b6 18. Rfd1 Bb7 19. Rd6 Qxd6 20. exd6 Bxc3 21. Bxc3 Rfd8 22. Rd1 axb4 23. Bxb4 Bc6 24. Rd4 Rd7 25. f3 exf3 26. Bxf3 Bxf3 27. gxf3 f6 28. Re4 Kf7 29. Kf2 e5 30. h4 Rc8 31. Kg3 Ke6 32. f4 Kf5 33. Kf3 exf4 34. Rxf4+ Ke6 35. Re4+ Kf7 36. Kf4 f5 37. Rd4 Ke6 38. Kg5 Rf7 39. Kf4 Rc6 40. Kf3 Kd7 41. Ke3 Rf8 42. Kd3 Re8 43. h5 Re6 44. hxg6 hxg6 45. Rh4 Rcxd6+ 46. Bxd6 Kxd6 47. a4 Kc5 48. Kc3 Re3+ 49. Kb2 Re4 50. Rh6 Rg4 51. Rh8 Kxc4 52. Rb8 Kc5 53. Rc8+ Kd6 54. Kb3 g5 55. Rb8 Kc7 56. Rf8 Rf4 57. Rf7+ Kc6 58. Rg7 g4 59. Rg5 Kc5 60. Rg6 Rf3+ 61. Kc2 g3 62. Kd1 f4 63. Ke2 Rf2+ 64. Ke1 Ra2 65. Rg5+ Kd4 66. Rb5 Rxa4 67. Rxb6 f3 68. Rg6 Ke3 69. Re6+ Re4 70. Rg6 g2 71. Rg3 Kf4+ 72. Kf2 Re2+ 73. Kg1 Re1+ 0-1

[Event "Campeonato de Aragon por Equipos 2025 - "]
[Site "?"]
[Date "2025.03.08"]
[Round "7.64"]
[White "Chueca Lorente, Javier"]
[Black "Sancho Casale, Jesus"]
[Result "1-0"]
[WhiteElo "2180"]
[BlackElo "1923"]
[PlyCount "33"]
[GameId "2155415468692921"]
[EventDate "2025.01.25"]
[WhiteTeam "MyInvestor Casablanca C"]
[BlackTeam "Tauste"]

1. c4 c6 2. e4 d5 3. exd5 cxd5 4. d4 Nf6 5. Nc3 e6 6. Nf3 Nc6 7. cxd5 Nxd5 8. Bd3 Be7 9. O-O Bf6 10. Ne4 Bxd4 11. Nxd4 Nxd4 12. Be3 Nxe3 13. fxe3 Nc6 14. Qh5 Qe7 15. Rxf7 Qxf7 16. Nd6+ Ke7 17. Nxf7 1-0

[Event "Campeonato de Aragon por Equipos 2025 - "]
[Site "?"]
[Date "2025.03.08"]
[Round "7.65"]
[White "San Lazaro Lorente, David"]
[Black "Antonano Fernandez-Quincoces, Avelino"]
[Result "1-0"]
[WhiteElo "1825"]
[BlackElo "1978"]
[PlyCount "65"]
[GameId "2155415468758458"]
[EventDate "2025.01.25"]
[WhiteTeam "Tauste"]
[BlackTeam "MyInvestor Casablanca C"]

1. d4 e6 2. c4 f5 3. Nf3 Nf6 4. g3 c6 5. Bg2 d5 6. Qc2 Bd6 7. O-O O-O 8. b3 Qe7 9. Bb2 Ne4 10. Ne5 Nd7 11. Nd2 c5 12. Nxd7 Bxd7 13. Nxe4 fxe4 14. dxc5 Bxc5 15. e3 Rac8 16. Qe2 Qg5 17. Rad1 Bc6 18. Bh3 Rce8 19. Bd4 b6 20. cxd5 exd5 21. Bxc5 bxc5 22. Rc1 Qe7 23. Qc2 Bb5 24. Rfd1 Qf7 25. Qd2 Bd3 26. Rxc5 Re5 27. Rdc1 Rh5 28. Rc7 Qf3 29. Be6+ Kh8 30. Rc8 Ba6 31. Rxf8+ Qxf8 32. Qa5 Qd6 33. Rc6 1-0

[Event "Campeonato de Aragon por Equipos 2025 - "]
[Site "?"]
[Date "2025.03.08"]
[Round "7.66"]
[White "Cebollada Pacheco, Jesus Raul"]
[Black "Solanas Esteban, Hector"]
[Result "1-0"]
[WhiteElo "1942"]
[BlackElo "1793"]
[PlyCount "41"]
[GameId "2155415468799419"]
[EventDate "2025.01.25"]
[WhiteTeam "MyInvestor Casablanca C"]
[BlackTeam "Tauste"]

1. e4 e6 2. d4 d5 3. Nd2 c5 4. exd5 Qxd5 5. Ngf3 cxd4 6. Bc4 Qd6 7. O-O Nf6 8. Nb3 Qc7 9. Qe2 Nc6 10. Nbxd4 Nxd4 11. Nxd4 a6 12. Re1 Be7 13. Bg5 Qc5 14. Bxf6 Bxf6 15. Bxe6 Bxe6 16. Nxe6 fxe6 17. Qxe6+ Kf8 18. Rad1 Qc8 19. Rd7 Qe8 20. Qd6+ Be7 21. Rexe7 1-0

[Event "Campeonato de Aragon por Equipos 2025 - "]
[Site "?"]
[Date "2025.03.08"]
[Round "7.67"]
[White "Liarte Marinoso, Aaron"]
[Black "Alvarez Gonzalo, Miguel Angel"]
[Result "0-1"]
[WhiteElo "1776"]
[BlackElo "1808"]
[PlyCount "44"]
[GameId "2155415468856764"]
[EventDate "2025.01.25"]
[WhiteTeam "Tauste"]
[BlackTeam "MyInvestor Casablanca C"]

1. Nf3 Nf6 2. c4 e6 3. g3 b6 4. Bg2 Bb7 5. O-O c5 6. b3 Be7 7. Bb2 O-O 8. Re1 d5 9. cxd5 exd5 10. d4 Nc6 11. Nc3 Re8 12. e3 cxd4 13. Nxd4 Nxd4 14. Qxd4 Bc5 15. Qd3 Ne4 16. Rad1 Bb4 17. Nxd5 Qxd5 18. Qc2 Qe6 19. Re2 Ba6 20. Qxe4 Qxe4 21. Bxe4 Bxe2 22. Rd4 Bc5 0-1

[Event "Campeonato de Aragon por Equipos 2025 - "]
[Site "?"]
[Date "2025.03.08"]
[Round "7.68"]
[White "Muro Guerrero, Miguel"]
[Black "Romo Ramirez, Antonio"]
[Result "1-0"]
[WhiteElo "2056"]
[BlackElo "1986"]
[PlyCount "131"]
[GameId "2155415468901821"]
[EventDate "2025.01.25"]
[WhiteTeam "Dr. Azua"]
[BlackTeam "Teruel B"]

1. e4 c6 2. d4 g6 3. Nc3 Bg7 4. Nf3 d6 5. h3 Nf6 6. a4 O-O 7. Bd3 Nbd7 8. O-O Qc7 9. Re1 e5 10. Be3 Re8 11. dxe5 dxe5 12. Bc4 Nb6 13. Bb3 Be6 14. Bxe6 Rxe6 15. Qe2 Rd8 16. Red1 Re7 17. Rxd8+ Qxd8 18. a5 Nc8 19. Bc5 Re8 20. Qc4 h6 21. Be3 Re6 22. b4 a6 23. Rd1 Qe8 24. Ne1 Rd6 25. Rxd6 Nxd6 26. Qd3 Qe6 27. f3 Bf8 28. Na4 Qc4 29. Bc5 Qxd3 30. Nxd3 Nd7 31. Kf2 f6 32. Ke2 Kf7 33. Nb6 Ke6 34. Nxd7 Kxd7 35. g3 Be7 36. Be3 Nf7 37. f4 Ke6 38. fxe5 fxe5 39. Kf3 h5 40. g4 h4 41. Bc5 Ng5+ 42. Ke3 Nxh3 43. Bxe7 Kxe7 44. Nxe5 Kf6 45. Nf3 g5 46. e5+ Kg6 47. Kd4 Nf4 48. Kc5 Nd5 49. c4 Ne3 50. Nh2 Kf7 51. Kb6 Nxc4+ 52. Kxb7 Nxa5+ 53. bxa5 c5 54. Kc6 c4 55. Kd7 c3 56. e6+ Kg7 57. e7 c2 58. e8=Q c1=Q 59. Qe5+ Kg8 60. Ke7 Qd2 61. Kf6 Qd8+ 62. Kg6 Qd3+ 63. Kxg5 Qd8+ 64. Kg6 Qd3+ 65. Kh6 Qh7+ 66. Kg5 1-0

[Event "Campeonato de Aragon por Equipos 2025 - "]
[Site "?"]
[Date "2025.03.08"]
[Round "7.69"]
[White "Barcena Laguia, Francisco"]
[Black "Garcia Garcia, Enrique"]
[Result "1-0"]
[WhiteElo "1859"]
[BlackElo "1881"]
[PlyCount "41"]
[GameId "2155415468942782"]
[EventDate "2025.01.25"]
[WhiteTeam "Teruel B"]
[BlackTeam "Dr. Azua"]

1. d4 d5 2. e4 dxe4 3. Nc3 Nf6 4. f3 exf3 5. Nxf3 Bg4 6. h3 Bh5 7. g4 Bg6 8. Ne5 e6 9. Qf3 c6 10. g5 Nfd7 11. Nxg6 hxg6 12. Bd3 Be7 13. O-O O-O 14. h4 e5 15. Bc4 exd4 16. Bxf7+ Kh8 17. h5 Rxf7 18. Qxf7 dxc3 19. h6 Bc5+ 20. Kg2 Qg8 21. hxg7+ 1-0

[Event "Campeonato de Aragon por Equipos 2025 - "]
[Site "?"]
[Date "2025.03.08"]
[Round "7.70"]
[White "Cajo Esteban, Ruben"]
[Black "Alonso Roche, Cesar"]
[Result "0-1"]
[WhiteElo "1867"]
[BlackElo "1711"]
[PlyCount "98"]
[GameId "2155415468979647"]
[EventDate "2025.01.25"]
[WhiteTeam "Dr. Azua"]
[BlackTeam "Teruel B"]

1. d4 d6 2. c4 e5 3. dxe5 dxe5 4. Qxd8+ Kxd8 5. a3 Be6 6. e4 Nc6 7. Be3 Nd4 8. Bxd4 exd4 9. Bd3 c5 10. Ne2 Bd6 11. O-O Ne7 12. f4 f6 13. Nd2 Nc6 14. h3 Ke7 15. Rae1 g5 16. Ng3 Bxf4 17. Nf5+ Kd7 18. Nf3 Na5 19. g3 Bc7 20. Nd2 Bxf5 21. Rxf5 Bxg3 22. Re2 Be5 23. Nf3 Rae8 24. Nxe5+ fxe5 25. Rxg5 Rhg8 26. Reg2 Rxg5 27. Rxg5 Re7 28. Kf2 Nc6 29. Ke2 Rf7 30. Bc2 Ke6 31. Rh5 Ne7 32. b4 b6 33. Ba4 Ng6 34. Rh6 Kf6 35. Be8 Kg7 36. Rxh7+ Kxh7 37. Bxf7 Nf4+ 38. Kd2 Nxh3 39. bxc5 bxc5 40. a4 Ng5 41. Bd5 a5 42. Ke2 Kg6 43. Bc6 Kh5 44. Bd5 Kg4 45. Bc6 Kf4 46. Kd3 Kf3 47. Bb7 Nh3 48. Bc6 Nf2+ 49. Kd2 Kf4 0-1

[Event "Campeonato de Aragon por Equipos 2025 - "]
[Site "?"]
[Date "2025.03.08"]
[Round "7.71"]
[White "Martin Lafuente, Jorge Abel"]
[Black "Abenia Porroche, Roberto"]
[Result "0-1"]
[WhiteElo "1635"]
[BlackElo "1811"]
[PlyCount "22"]
[GameId "2155415469032896"]
[EventDate "2025.01.25"]
[WhiteTeam "Teruel B"]
[BlackTeam "Dr. Azua"]

1. c4 Nf6 2. g3 c5 3. Bg2 g6 4. Nc3 Bg7 5. Nf3 O-O 6. d4 cxd4 7. Nxd4 Nc6 8. O-O a6 9. Nxc6 bxc6 10. Rb1 Qc7 11. b4 d6 {Móvil} 0-1

[Event "Campeonato de Aragon por Equipos 2025 - "]
[Site "?"]
[Date "2025.03.15"]
[Round "8.1"]
[White "Ruiz Fernandez, Daniel"]
[Black "Adla, Diego"]
[Result "1-0"]
[WhiteElo "2165"]
[BlackElo "2390"]
[PlyCount "29"]
[GameId "2158178778591410"]
[EventDate "2025.01.25"]
[WhiteTeam "MyInvestor Casablanca B"]
[BlackTeam "MyInvestor Casablanca A"]

1. e4 c5 2. Nf3 Nc6 3. d4 cxd4 4. Nxd4 Nf6 5. Nc3 d6 6. Bg5 e6 7. Qd2 Be7 8. O-O-O O-O 9. h4 Nxd4 10. Qxd4 Qa5 11. f3 Bd7 12. Kb1 Rfc8 13. Qd2 Kh8 14. g4 b5 15. Nxb5 1-0

[Event "Campeonato de Aragon por Equipos 2025 - "]
[Site "?"]
[Date "2025.03.15"]
[Round "8.2"]
[White "Glavina, Pablo"]
[Black "Lorente Melcon, Maximo"]
[Result "1-0"]
[WhiteElo "2359"]
[BlackElo "2138"]
[PlyCount "92"]
[GameId "2158178778763443"]
[EventDate "2025.01.25"]
[WhiteTeam "MyInvestor Casablanca A"]
[BlackTeam "MyInvestor Casablanca B"]

1. Nf3 c5 2. g3 Nc6 3. Bg2 Nf6 4. O-O e6 5. d3 Be7 6. e4 d6 7. a4 O-O 8. h3 Re8 9. c3 h6 10. Qe2 e5 11. Na3 Bf8 12. c4 Be6 13. Nc2 Qd7 14. Kh2 g5 15. a5 b6 16. Bd2 Reb8 17. Ne3 bxa5 18. Nd5 Bxd5 19. exd5 Nb4 20. Bc3 Qf5 21. Ne1 Re8 22. Rxa5 Bg7 23. Be4 Qd7 24. g4 Qc7 25. Ra4 a5 26. Ng2 Nd7 27. h4 Nf8 28. h5 Nd7 29. Ne3 Nb6 30. Ra3 Qd8 31. Rfa1 a4 32. Nf5 Bf8 33. Qd2 Qc7 34. Ng3 Reb8 35. Bf5 Bg7 36. Ne4 Ra7 37. b3 Rba8 38. Bxb4 cxb4 39. Qxb4 axb3 40. Rxa7 Rxa7 41. Rb1 Na4 42. Rxb3 Bf8 43. Nf6+ Kh8 44. Qb8 Qe7 45. Nh7 Kg7 46. Nxf8 Qxf8 1-0

[Event "Campeonato de Aragon por Equipos 2025 - "]
[Site "?"]
[Date "2025.03.15"]
[Round "8.3"]
[White "Conon, Catalin"]
[Black "Quintin Navarro, Alberto"]
[Result "0-1"]
[WhiteElo "2072"]
[BlackElo "2350"]
[PlyCount "102"]
[GameId "2158178778837172"]
[EventDate "2025.01.25"]
[WhiteTeam "MyInvestor Casablanca B"]
[BlackTeam "MyInvestor Casablanca A"]

1. d4 d5 2. c4 e6 3. Nc3 Bb4 4. cxd5 exd5 5. Bf4 Nf6 6. e3 O-O 7. Bd3 Re8 8. Nf3 c5 9. dxc5 Nbd7 10. O-O Bxc3 11. bxc3 Nxc5 12. Nd4 Bg4 13. Qc2 a6 14. a4 Rc8 15. f3 Bh5 16. Nb3 Bg6 17. Bxg6 hxg6 18. Rfd1 Nh5 19. Nxc5 Rxc5 20. Qb3 Nxf4 21. exf4 Qc7 22. Re1 Rd8 23. Rab1 b5 24. axb5 Rxb5 25. Qc2 Rxb1 26. Rxb1 Qc5+ 27. Kh1 d4 28. c4 d3 29. Qc3 Qf2 30. Rd1 Qc2 31. Qd2 Qxc4 32. h3 Rd5 33. Rc1 Qd4 34. Rc8+ Rd8 35. Rc1 Kh7 36. Kh2 a5 37. Kg3 a4 38. Qa2 d2 39. Rd1 f6 40. h4 Qe3 41. Qxa4 Rd4 42. Qa1 Qxf4+ 43. Kf2 Rd3 44. Qb1 Qe3+ 45. Kg3 Rd5 46. Qe4 Qc5 47. Qe2 f5 48. Kh3 Qd4 49. Kg3 f4+ 50. Kh3 Qe3 51. Qc4 Qe1 0-1

[Event "Campeonato de Aragon por Equipos 2025 - "]
[Site "?"]
[Date "2025.03.15"]
[Round "8.4"]
[White "Chueca Lorente, Javier"]
[Black "Jaime Galeano, Alcher"]
[Result "1-0"]
[WhiteElo "2180"]
[BlackElo "1967"]
[PlyCount "121"]
[GameId "2158178778886325"]
[EventDate "2025.01.25"]
[WhiteTeam "MyInvestor Casablanca A"]
[BlackTeam "MyInvestor Casablanca B"]

1. c4 e6 2. g3 d5 3. Bg2 d4 4. b4 c5 5. Qa4+ Bd7 6. b5 Qc7 7. Nf3 e5 8. Nxe5 Bd6 9. Nxd7 Nxd7 10. b6 Qxb6 11. Na3 Rb8 12. Rb1 Qa6 13. Qb3 Ngf6 14. Bxb7 Qa5 15. Nb5 Be7 16. Qa3 Qxa3 17. Nxa3 O-O 18. d3 Nb6 19. Bf3 Na4 20. Bf4 Rxb1+ 21. Nxb1 h6 22. h4 Nd7 23. Bc6 Ndb6 24. Na3 Nc3 25. Nb5 Nxa2 26. Nxa7 Nb4 27. Kd2 Nc8 28. Nxc8 Rxc8 29. Bb7 Rd8 30. Ra1 g5 31. hxg5 hxg5 32. Bc7 Rd7 33. Ra8+ Kg7 34. Rc8 f6 35. Be4 Na6 36. Ba5 f5 37. Bxf5 Rb7 38. Kc2 Ra7 39. Bd8 Nb4+ 40. Kb3 Bxd8 41. Rxd8 Ra5 42. Rb8 Ra1 43. Bg4 Rb1+ 44. Ka4 Ra1+ 45. Kb5 Rb1 46. Rb7+ Kf8 47. Kxc5 Nxd3+ 48. exd3 Rxb7 49. Kxd4 Rf7 50. f3 Ke7 51. Ke5 Rf8 52. d4 Kd8 53. c5 Kc7 54. d5 Rf7 55. f4 gxf4 56. gxf4 Rg7 57. Bf3 Kd7 58. d6 Rg8 59. c6+ Kd8 60. Bd5 Re8+ 61. Be6 1-0

[Event "Campeonato de Aragon por Equipos 2025 - "]
[Site "?"]
[Date "2025.03.15"]
[Round "8.5"]
[White "Forcen Esteban, Daniel"]
[Black "Chueca Forcen, Alberto"]
[Result "1-0"]
[WhiteElo "2541"]
[BlackElo "2270"]
[PlyCount "65"]
[GameId "2158178778919094"]
[EventDate "2025.01.25"]
[WhiteTeam "Jaime Casas"]
[BlackTeam "Teruel"]

1. e4 c5 2. Nf3 g6 3. c3 d5 4. e5 Bg4 5. d4 Nc6 6. dxc5 Bxf3 7. Qxf3 Nxe5 8. Bb5+ Nc6 9. c4 e6 10. Nc3 Qf6 11. Qg3 Bxc5 12. O-O Nge7 13. Bg5 Qf5 14. Bxe7 Kxe7 15. cxd5 Bd6 16. Qe3 Qe5 17. Qh3 Nd4 18. Rae1 Qh5 19. Qxh5 gxh5 20. dxe6 fxe6 21. Re4 e5 22. f4 Nxb5 23. Nxb5 Bb8 24. fxe5 a6 25. Nc3 Ba7+ 26. Kh1 Rhf8 27. Nd5+ Ke6 28. Nf4+ Kf5 29. Re2 h4 30. e6 Rae8 31. e7 Rf7 32. Nh5+ Kg6 33. Re6+ 1-0

[Event "Campeonato de Aragon por Equipos 2025 - "]
[Site "?"]
[Date "2025.03.15"]
[Round "8.6"]
[White "Cabrera Moreno, Daniel"]
[Black "Antoli Royo, Joaquin Miguel"]
[Result "1-0"]
[WhiteElo "2132"]
[BlackElo "2411"]
[PlyCount "93"]
[GameId "2158178778960055"]
[EventDate "2025.01.25"]
[WhiteTeam "Teruel"]
[BlackTeam "Jaime Casas"]

1. e4 c5 2. Nf3 Nc6 3. Bb5 e5 4. O-O Bd6 5. Re1 Nge7 6. c3 O-O 7. d4 cxd4 8. cxd4 exd4 9. Nxd4 Bc5 10. Be3 Qb6 11. Nxc6 dxc6 12. Bxc5 Qxc5 13. Bf1 Be6 14. Nc3 Rfd8 15. Qc2 b5 16. a3 a5 17. Rac1 a4 18. Nd5 Qxc2 19. Nxe7+ Kf8 20. Rxc2 Kxe7 21. Rxc6 Rd2 22. Bxb5 Rxb2 23. Bc4 Bxc4 24. Rxc4 Ra2 25. g3 Rxa3 26. Rd1 Ra7 27. Rdd4 g5 28. h3 h5 29. Kg2 Ra2 30. Rb4 a3 31. Ra4 Rxa4 32. Rxa4 Kd6 33. Kf3 Kc5 34. Ra7 f6 35. Ra6 Kb4 36. Rb6+ Kc3 37. Rxf6 Rc2 38. Ra6 Kb2 39. e5 a2 40. Rb6+ Kc1 41. Ra6 Kb1 42. Ke3 g4 43. hxg4 hxg4 44. Kf4 Rc4+ 45. Kf5 a1=Q 46. Rxa1+ Kxa1 47. e6 1-0

[Event "Campeonato de Aragon por Equipos 2025 - "]
[Site "?"]
[Date "2025.03.15"]
[Round "8.7"]
[White "Ramiro Ovejero, Juan Luis"]
[Black "Dominguez Bujeda, Jesus"]
[Result "1-0"]
[WhiteElo "2315"]
[BlackElo "2059"]
[PlyCount "73"]
[GameId "2158178778996920"]
[EventDate "2025.01.25"]
[WhiteTeam "Jaime Casas"]
[BlackTeam "Teruel"]

1. d4 d5 2. c4 e6 3. Nc3 h6 4. Nf3 Nf6 5. g3 Bd6 6. Bg2 O-O 7. O-O Nc6 8. c5 Be7 9. a3 a5 10. Bf4 b6 11. cxb6 cxb6 12. Rc1 Bb7 13. h4 Rc8 14. Qb3 Ne4 15. Rfd1 Ba6 16. Nxe4 dxe4 17. d5 exd5 18. Rxd5 Qe8 19. Ne5 Nxe5 20. Rxe5 Rxc1+ 21. Bxc1 Qc8 22. Be3 Bf6 23. Rxe4 Bxe2 24. Bxh6 Qa6 25. Bg5 Bxg5 26. hxg5 Bh5 27. Rd4 Bg6 28. Rd6 Kh7 29. Qxb6 Qe2 30. Qd4 Rc8 31. Qh4+ Kg8 32. Qf4 Rc4 33. Qd2 Qe5 34. Rd5 Qc7 35. Qxa5 Rc1+ 36. Kh2 Rc2 37. Qxc7 1-0

[Event "Campeonato de Aragon por Equipos 2025 - "]
[Site "?"]
[Date "2025.03.15"]
[Round "8.8"]
[White "Navarro Remon, Mario"]
[Black "Newrkla, Katharina"]
[Result "0-1"]
[WhiteElo "1919"]
[BlackElo "2219"]
[PlyCount "104"]
[GameId "2158178779033785"]
[EventDate "2025.01.25"]
[WhiteTeam "Teruel"]
[BlackTeam "Jaime Casas"]

1. d4 Nf6 2. c4 g6 3. Nc3 Bg7 4. e4 d6 5. Be2 O-O 6. h3 e5 7. d5 Na6 8. Bg5 h6 9. Be3 Nc5 10. Bf3 a5 11. Nge2 Bd7 12. g4 Qe8 13. Ng3 b5 14. cxb5 Bxb5 15. Bxc5 dxc5 16. Be2 Bxe2 17. Qxe2 Qb8 18. O-O Ne8 19. Na4 Qb4 20. Qc2 c4 21. b3 cxb3 22. axb3 Nd6 23. Nc5 Qb5 24. Ra4 Rfb8 25. Rfa1 Bf8 26. b4 Nc4 27. Nd3 Bd6 28. bxa5 Rxa5 29. Kg2 Rxa4 30. Rxa4 Nb6 31. Ra2 Qe8 32. Nf1 Ra8 33. Rxa8 Qxa8 34. Ne3 Qa6 35. Qc3 Na4 36. Qb3 Nb6 37. h4 Qa1 38. h5 Qd4 39. Kf3 Nd7 40. Nc2 Qa7 41. Qb5 Nf6 42. hxg6 fxg6 43. Qc6 Qa5 44. Qb7 Qa4 45. Ncb4 Qd1+ 46. Kg2 Qxg4+ 47. Kf1 Qxe4 48. Qc8+ Kg7 49. Qe6 Qg4 50. Nc6 Qd1+ 51. Kg2 Qxd3 52. Nxe5 Qxd5+ 0-1

[Event "Campeonato de Aragon por Equipos 2025 - "]
[Site "?"]
[Date "2025.03.15"]
[Round "8.9"]
[White "Baron Rodriguez, Jesus"]
[Black "Cifuentes Parada, Roberto"]
[Result "1-0"]
[WhiteElo "2401"]
[BlackElo "2369"]
[PlyCount "109"]
[GameId "2158178779070650"]
[EventDate "2025.01.25"]
[WhiteTeam "Iberajedrez Mundo 64"]
[BlackTeam "Jaque - Aramovil"]

1. e4 c5 2. Nc3 e6 3. f4 d5 4. Nf3 dxe4 5. Nxe4 Nc6 6. Bc4 Nf6 7. Nxf6+ Qxf6 8. d3 Bd6 9. Ng5 Bd7 10. Ne4 Qh4+ 11. g3 Qe7 12. Be3 Na5 13. Qd2 b6 14. Ba6 Bc6 15. O-O-O O-O 16. Rhe1 Rfd8 17. Qc3 Bd5 18. f5 Bxe4 19. dxe4 exf5 20. exf5 Be5 21. Rxd8+ Rxd8 22. Bxc5 Qg5+ 23. Qe3 Bf6 24. h4 Qxe3+ 25. Bxe3 h6 26. Bf4 Nc6 27. Bc7 Rd7 28. Re8+ Kh7 29. Bf4 Ne7 30. Bd3 Nd5 31. Bd2 Nc7 32. Rf8 h5 33. Bc4 Nd5 34. a4 a5 35. Bb5 Rc7 36. c3 Be5 37. Be1 Bd4 38. Rd8 Be3+ 39. Bd2 Bxd2+ 40. Kxd2 Nf6 41. Kd3 Re7 42. Rd6 Ne4 43. Rxb6 Nxg3 44. b4 axb4 45. cxb4 Nxf5 46. a5 Re3+ 47. Kd2 Ra3 48. Bd3 g6 49. Bxf5 gxf5 50. a6 f4 51. b5 Ra2+ 52. Ke1 Kg7 53. Rb7 Kf6 54. a7 Kf5 55. b6 1-0